000
00452nam a22001337a 4500
020
_a
9780199401147
082
_a
954.9105
100
_a
Saadia Toor
245
_a
The state of Islam culture and cold war politics in Pakistan
260
_a
Karachi
_b
Oxford university press
_c
2011
300
_a
252p
942
_c
BK
999
_c
3462
_d
3462